El Centenario de don Alvaro de Bazan, primer marqués de Santa Cruz / (Record no. 43277)

MARC details
000 -LEADER
campo de control de longitud fija 01016nam a2200229 i 4500
001 - NÚMERO DE CONTROL
campo de control 43277
003 - IDENTIFICADOR DE NÚMERO DE CONTROL
campo de control ES-MaACL
005 - FECHA Y HORA DE LA ÚLTIMA TRANSACCIÓN
campo de control 20251011063102.0
007 - CAMPO FIJO DE DESCRIPCIÓN FÍSICA--INFORMACIÓN GENERAL
campo de control de longitud fija t|
008 - DATOS DE LONGITUD FIJA--INFORMACIÓN GENERAL
campo de control de longitud fija 030317s1887 sp ||||1| spa d
080 ## - NÚMERO DE LA CLASIFICACIÓN DECIMAL UNIVERSAL
Número de la Clasificación Decimal Universal 929 Bazán, Álvaro de, Marqués de Santa Cruz
100 0# - ENTRADA PRINCIPAL--NOMBRE DE PERSONA
Nombre de persona Pilares, Ramón Auñón y Villalón,
Títulos y otros términos asociados al nombre Marqués de
9 (RLIN) 92020
245 13 - MENCIÓN DEL TÍTULO
Título El Centenario de don Alvaro de Bazan, primer marqués de Santa Cruz /
Mención de responsabilidad, etc. [Ramón de Auñón y Villalón].
260 ## - PUBLICACIÓN, DISTRIBUCIÓN, ETC.
Lugar de publicación, distribución, etc. Madrid :
Nombre del editor, distribuidor, etc. [s.n.],
Fecha de publicación, distribución, etc. 1887 (
Fabricante Imp. Fortanet)
300 ## - DESCRIPCIÓN FÍSICA
Extensión 30 p. ;
Dimensiones 23 cm.
500 ## - NOTA GENERAL
Nota general Tres cartas que se publicaron en los periódicos "La Opinión y El Estandarte"
530 ## - NOTA DISPONIBLE DE FORMULARIO FÍSICO ADICIONAL
Nota de formato físico adicional disponible Disponible también en sitio web.
600 17 - PUNTO DE ACCESO ADICIONAL DE MATERIA--NOMBRE DE PERSONA
Nombre de persona Bazán, Álvaro de, Marqués de Santa Cruz,
Fechas asociadas al nombre 1526-1588-
Subdivisión de forma Aniversarios y centenarios
Fuente del encabezamiento o término
9 (RLIN) 170258
852 ## - LOCALIZACIÓN
Ubicación ES-MaACL
Número de control de estantería T-454-F-2
856 ## - LOCALIZACIÓN Y ACCESO ELECTRÓNICOS
Identificador Uniforme de Recursos <a href="http://bibliotecadigitalhispanica.bne.es:80/webclient/DeliveryManager?pid=2916055&custom_att_2=simple_viewer">http://bibliotecadigitalhispanica.bne.es:80/webclient/DeliveryManager?pid=2916055&custom_att_2=simple_viewer</a>
Nota pública Ir a la página
Holdings
Estatus retirado Estado de pérdida Estado de daño No para préstamo Colección Biblioteca de origen Biblioteca actual Ubicación en estantería Fecha de adquisición Fuente de adquisición Total de préstamos Signatura topográfica completa Código de barras Visto por última vez Precio de reemplazo Tipo de ítem Koha
        Colección de folletos Biblioteca del Ateneo de Madrid Biblioteca del Ateneo de Madrid Depósito folletos 17/01/2008     T-454-F-2 1045558 23/02/2023 23/02/2023 Folleto